PHYSIOTHERAPY IN OBST & GYNAECOLOGY / (Record no. 795941)

MARC details
000 -LEADER
fixed length control field 00525pam a2200193 a 4500
020 ## - INTERNATIONAL STANDARD BOOK NUMBER
International Standard Book Number 8181479009
Terms of availability 525.00
041 ## - LANGUAGE CODE
Language code of text/sound track or separate title eng
Language code of original NULL
082 ## - DEWEY DECIMAL CLASSIFICATION NUMBER
Classification number 618.2
Item number MAU/HAS
100 ## - MAIN ENTRY--PERSONAL NAME
Personal name MAUTLE, J .
245 ## - TITLE STATEMENT
Title PHYSIOTHERAPY IN OBST & GYNAECOLOGY /
Statement of responsibility, etc. NULL.
Medium Textual Documents
250 ## - EDITION STATEMENT
Edition statement 2 /
Remainder of edition statement .
260 ## - PUBLICATION, DISTRIBUTION, ETC.
Place of publication, distribution, etc. NULL :
Name of publisher, distributor, etc. BUTTERWORTH HEINEMANN ,
Date of publication, distribution, etc. 2005.
300 ## - PHYSICAL DESCRIPTION
Extent 489 :
Other physical details XXIII ;
Dimensions NULL .
365 ## - TRADE PRICE
Price type code 525.00
650 ## - SUBJECT ADDED ENTRY--TOPICAL TERM
Topical term or geographic name entry element OBST.GYNE
700 ## - ADDED ENTRY--PERSONAL NAME
Personal name HASLAM, J .
-- BARTON, S .
930 ## - EQUIVALENCE OR CROSS-REFERENCE-UNIFORM TITLE HEADING [LOCAL, CANADA]
Uniform title 1405
Holdings
Withdrawn status Lost status Damaged status Not for loan Home library Current library Date acquired Cost, normal purchase price Total Checkouts Full call number Barcode Date last seen Copy number Price effective from Koha item type
        Medical College & Hospital, Sangli Medical College & Hospital, Sangli 28/11/2011 525.00   618.2 MAU/HAS MCS-3865 26/07/2023 1 26/07/2023 Book